00233nam a2200097Ia 4500008004100000100001300041245003700054250001100091260002500102300000800127190216s9999||||xx |||||||||||||| ||und|| aRacine.C 0aAbstract Algebra An Introduction aSECOND bViswanathan S.c1965 a197